[Event "European Chess Club Cup - Open"]
[Site "?"]
[Date "2024.10.23"]
[Round "?"]
[White "Tabatabaei, A."]
[Black "Praggnanandhaa, R."]
[Result "1-0"]
[Annotator "Rafael Leitao"]
[WhiteElo "2702"]
[BlackElo "2746"]
[PlyCount "79"]
[GameId "2129614630305803"]
[EventDate "2024.??.??"]
[Link "https://www.chess.com/pt-BR/article/view/dez-melhores-partidas-xadrez-2024"]

1. d4 Nf6 2. c4 e6 3. Nf3 d5 4. Nc3 c6 5. g3 $5 {A variante Fianqueto contra a
Defesa Semi-Eslava é uma opção agressiva, já que o peão de c4 é sacrificado. As
Brancas sempre obtêm alguma compensação e as posições resultantes são complexas,
oferecendo chances de vitória para ambos os lados.} 5... dxc4 {Capturar em c4,
aqui ou no próximo lance, é a linha mais crítica. Estou convencido de que
gambitos na abertura devem, em geral, ser aceitos.} 6. Bg2 Nbd7 (6... b5) 7. O-O
b5 8. e4 {Até agora estamos seguindo a variante principal. Agora, Praggnanandhaa
escolhe uma linha secundária.} 8... b4 $5 (8... Bb7 {é mais popular.}) 9. e5 Nd5
(9... bxc3 $6 {é mais fraco:} 10. exf6 cxb2 11. fxg7 Bxg7 (11... bxa1=Q $2 {Acho
que todo mundo fica tentado a buscar uma posição com quatro damas no tabuleiro,
a menos que você perceba que a posição está perdida.} 12. gxh8=Q $18) 12. Bxb2
{com uma vantagem posicional.}) 10. Ne4 Be7 (10... N7b6 {foi tentado em
Rombaldoni-Ding, Olimpíada-42 Baku 2016.}) 11. Bg5 {Um lance típico para trocar
os bispos e tentar explorar as fraquezas nas casas escuras.} 11... O-O 12. Qc2
a5 $1 {Isso é útil para ganhar a ideia de jogar Ba6 se as Brancas capturarem em
c4.} 13. Bxe7 Qxe7 14. Nfd2 {As Brancas vão atrás do peão de c4. As Negras devem
agir rapidamente.} 14... c5 $1 {A ruptura típica de peão.} (14... Ba6 {é menos
preciso. Depois de} 15. Nxc4 c5 16. dxc5 Nxc5 17. Ned6 {as Brancas mantêm a
iniciativa.}) 15. Nxc5 Nxc5 16. dxc5 Ba6 (16... Qxc5 {As Negras estão perto da
igualdade após este lance, mas Praggnanandhaa provavelmente estava jogando para
ganhar.} 17. Qxc4 Qxc4 {é uma das muitas opções.} (17... Qe7 18. Rfc1 Bb7)
(17... Qb6) 18. Nxc4 Ba6 19. Rfc1 Bxc4 20. Rxc4 Rfd8 {As Negras não devem ter
problemas para alcançar o empate.}) 17. Ne4 Qc7 {Um lance ambicioso, indo atrás
do peão de e5.} (17... c3 {é possível:} 18. Rfe1 (18. Rfc1 $2 {permite o bonito}
18... Bd3 $3 {quando as Negras ganham material após} 19. Qxd3 cxb2) 18... Rac8
{com uma posição complexa onde as Negras não estão pior.}) (17... Rac8 18. Rfe1
c3 {transpõe para a mesma variante.} (18... Rxc5 {também é possível, embora não
seja necessário.} 19. Nxc5 Qxc5 {com compensação pela qualidade.}) 19. bxc3 $2
Nxc3) 18. Rfe1 $1 Qxe5 19. Rad1 {A posição se torna muito aguda.} 19... Qf5 $6 {As
Brancas ganham a iniciativa após este lance.} (19... Qc7 $1 {Esta é a melhor casa.
As Negras sacrificarão a qualidade após} 20. Ng5 Nf6 $1 21. Bxa8 Rxa8 {com boa
compensação. A posição continua equilibrada depois de} 22. Ne4 Nxe4 23. Rxe4
(23. Qxe4 Bb7 $1 {quando as Brancas não podem capturar em c4 devido a} 24. Qxc4 $2
Qc6 $1) 23... Qxc5 24. Red4 g6 25. Qe4 Rf8) 20. Qc1 $1 {Removendo a cravada e
preparando o cavalo para ir para d6.} 20... Qh5 21. Nd6 Rad8 22. Bxd5 $1 (22.
Nxc4 $4 {perde para} 22... Bxc4 23. Qxc4 Ne3 $1) 22... exd5 23. Qd2 d4 $2 {Este é um
erro quase fatal.} (23... Bc8 $1 {é a melhor chance, quando as Negras mais ou
menos seguram a partida. Se as Brancas capturam em d5, então o final após} 24.
Qxd5 Qxd5 25. Rxd5 Be6 {é provavelmente um empate:} 26. Rd4 (26. Rde5 c3 $1 27.
bxc3 Bxa2 28. cxb4 axb4 {O material está reduzido.}) 26... Rd7 {com a ideia de
Tc7.}) 24. Qxd4 Bb7 {Essa é a ideia das Negras, ativar o bispo e preparar Df3.
Mas Tabatabaei impede isso com seu próximo lance.} 25. Re3 $1 {Agora o peão de c4
está caindo e o cavalo em d6 é um monstro.} 25... Qh3 26. f3 c3 27. bxc3 Bc6
(27... bxc3 28. Qxc3) 28. cxb4 axb4 29. Qxb4 Ra8 30. a3 {As Brancas estão com
dois peões a mais e também têm uma vantagem posicional.} 30... Rfb8 31. Qc3 h5 $6
{Perdendo imediatamente.} (31... Ra7 {prolonga a partida.}) 32. Nxf7 $1 {Uma bela
combinação final.} (32. Re7 Rf8 33. Rd4 {também está facilmente ganho.}) 32...
Kxf7 33. Re7+ $1 {O rei é convidado para um pequeno passeio.} 33... Kxe7 34. Qxg7+
Ke8 (34... Ke6 35. Rd6+ Kf5 36. Qf6#) 35. Re1+ Kd8 36. Qf6+ Kc7 37. Qd6+ Kb7 38.
Re7+ Ka6 39. Qxc6+ Ka5 40. Rb7 $1 {Um belo detalhe final.} (40. Rb7 Rxb7 41. Qxb7
{Ameaçando mate em dois e também a torre em a8.}) 1-0

[Event "Grand Chess Tour: Sinquefield Cup 2024"]
[Site "Chess.com"]
[Date "2024.08.21"]
[Round "3"]
[White "Nepomniachtchi, Ian"]
[Black "Giri, Anish"]
[Result "1-0"]
[Annotator "Rafael Leitao"]
[WhiteElo "2767"]
[BlackElo "2746"]
[PlyCount "73"]
[GameId "2081200155476245"]
[EventDate "2024.??.??"]
[Link "https://www.chess.com/pt-BR/article/view/dez-melhores-partidas-xadrez-2024"]

1. d4 Nf6 2. c4 e6 3. Nc3 Bb4 4. e3 O-O 5. a3 {A Variante Saemisch da
Nimzo-Índia é bastante arriscada, pois as Brancas geralmente precisam sacrificar
um peão na ala da dama, mas o ataque gerado no outro lado do tabuleiro torna
essa linha muito perigosa de enfrentar na prática.} 5... Bxc3+ 6. bxc3 d6
{Existem outras formas de jogar. Um plano normal é ir com c5-b6-Cc6-Ca5-Ba6
rapidamente.} (6... c5) (6... b6) 7. f3 Nc6 8. e4 Qe8 {A partida rapidamente
assume novos contornos. A ideia deste lance é provavelmente prevenir a cravada
com o bispo em g5.} (8... Nd7 {é a escolha do computador e provavelmente a
preparação que Nepomniachtchi seguiu aqui.} 9. h4 {Com uma ideia de ataque
semelhante àquela da partida.}) 9. h4 {Jogado após uma longa reflexão. Este é um
plano que foi preparado em uma posição semelhante, e Nepomniachtchi deve ter
verificado as diferenças com a dama em e8 e não com o cavalo em d7.} 9... b6
({Nepomniachtchi estava nervoso, com razão, sobre} 9... Nh5 $5 10. Kf2 f5 $1 11.
exf5 exf5 {quando o plano de ataque das Brancas de avançar os peões é
interrompido.} 12. Bd3 f4 {With a good position for Black.}) 10. h5 Ba6 11.
Ra2 $5 {Um plano semelhante ao usado por Ding Liren em uma partida famosa do
último match do campeonato mundial contra Nepomniachtchi.} (11. h6 {é possível,
enfraquecendo as casas escuras após} 11... g6 {Aqui, no entanto, as Brancas
perdem o potencial de ataque com o avanço do peão de g, como aconteceu na
partida.}) 11... Na5 12. g4 {A torre está pronta para se juntar ao ataque.
Nepomniachtchi disse que havia analisado essa posição com a dama em d8.} 12...
Qc6 $1 {Atacando o peão em c4 e também com um olho em ...Cxe4.} 13. Rg2 ({Grandes
complicações surgem depois de} 13. g5 Nxe4 (13... Nd7 {é possível, quando as
Brancas podem continuar com} 14. g6) 14. Rg2 (14. d5 {é uma bagunça depois de}
14... exd5 15. fxe4 Rae8) 14... Nxc3 15. Qc2 Bxc4 16. Qxc3 Bxf1 17. Qxc6 Nxc6
18. Kxf1 Nxd4 {quando as Negras têm quatro peões pela peça.}) 13... Bxc4 14.
Bxc4 Qxc4 (14... Nxc4 $6 15. g5 Nd7 16. g6 {é uma versão melhorada para as
Brancas.}) 15. Ne2 Nd7 {Nepomniachtchi estava otimista com o ataque, embora a
engine diga que as Negras estão melhor com o material extra.} 16. g5 e5 (16...
Nb3 $1 {é um excelente lance, ativando o cavalo e ameaçando capturar o perigoso
bispo. Depois de} 17. Be3 Rae8 {as Brancas não podem mais avançar o peão de g,
pois após} 18. g6 $6 fxg6 19. hxg6 Rxf3 {o bispo é atacado e as Negras estão
ganhas.}) 17. g6 fxg6 ({Nepomniachtchi mostrou a linha da análise do
computador:} 17... h6 $5 {Isso parece absurdamente perigoso para as Negras, mas o
computador sempre encontra alguma defesa.} 18. Bxh6 gxh6 19. Qc1 Kg7 {As Negras
seguram isso, mas é bem \"sangue-frio\", como disse Nepomniachtchi.} 20. gxf7+
(20. Ng3 $2 {perde após} 20... f5 $1 21. Nxf5+ Rxf5 22. exf5 Rf8 {quando agora são
as Negras que atacam.}) 20... Kxf7 21. Qxh6 Ke8 {Fugindo com o rei. A partida
pode continuar com} 22. Rg7 Kd8 23. Qh7 Qb5 24. Kf2 Kc8 25. Rhg1 {A posição está
longe de estar ganha para as Negras—qualquer coisa pode acontecer aqui.}) 18.
hxg6 Rxf3 19. gxh7+ (19. Bh6 $5 {é uma tentativa de ataque interessante:} 19...
gxh6 20. Qd2 Qb3 $1 {Nepomniachtchi pensou corretamente que as Negras têm
contra-jogo suficiente aqui.}) 19... Kh8 20. Rhg1 Rf7 21. Bh6 $1 {Ataque e defesa
estão equilibrados nas complicações seguintes.} 21... gxh6 22. Rg8+ Kxh7 23.
Rxa8 Nf6 $2 ({Nepomniachtchi calculou} 23... Qc6 24. Rxa7 Qxe4 $2 (24... Nf6 $1
{segura. O peão em e4 está caindo, e agora c7 está protegido. As Negras ficarão
com dois peões pela qualidade.}) 25. Rxc7 {As Brancas estão com uma qualidade a
mais.}) (23... Nb3 {Este é o lance que deixou Nepomniachtchi perplexo, impedindo
qualquer Dd2 ou Dc1. A posição está dinamicamente equilibrada.}) 24. dxe5 {As
Brancas estão ganhas de forma forçada, mas ainda não é fácil.} 24... Nxe4 $2
(24... Qxe4 {perde, mas as Brancas precisam encontrar um recurso incrível.} 25.
exf6 $1 Qxa8 26. Qa4 $3 {Que lance incrível $1 A única maneira de vencer.} (26. Qc2+
{não é suficiente:} 26... Kh8 27. Qf5 {As Negras têm uma fuga milagrosa,
indicada pelo computador.} (27. Qg6 $2 Qf8 {e as Negras defendem.}) (27. Nf4 Rxf6
28. Ng6+ Kg7 {e não há um golpe mortal.}) 27... Nc4 $1 28. Nf4 Qe8+ 29. Ne6 Ne3 $1
30. Qg6 Nc4 $1 {De alguma forma, as Negras sobrevivem.}) 26... Qf8 (26... Kh8 27.
Qh4 $1 Qf8 28. Rg6 Kh7 29. Qe4 Kh8 30. Nf4 Rxf6 31. Qd4 {A torre está fatalmente
cravada.}) 27. Qe4+ Kh8 28. Nf4 Rxf6 29. Ng6+ Rxg6 30. Rxg6 {Com um ataque
decisivo.}) (24... Nd7 {talvez seja a melhor chance, mas ninguém joga assim.
Está perdido contra um jogo preciso.} 25. Qd2 $1 Qxe4 (25... Nxe5 {é mate após}
26. Rh8+ Kxh8 27. Qxh6+) 26. e6 $1 Qxe6 27. Rgg8 $1 Rf6 28. Rge8 $1 {Precisão de
computador.} 28... Qf5 29. Nf4 $1 Nf8 (29... Qxf4 30. Re7+ Kg6 31. Rg8+ Kf5 (31...
Kh5 32. Qe2+ Kh4 (32... Qf3 33. Qh2+) 33. Re4 {Ganhando a dama e dando mate em
breve.}) 32. Qd3+ {e mate no próximo lance.}) 30. Re7+ Rf7 31. Rxf7+ Qxf7 32.
Qd3+ Kg7 33. Qd4+ Kh7 34. Qe4+ Kg7 35. Qg2+ Kh7 36. Rxa7 {com uma vitória
técnica.}) 25. Qc1 $1 {Ameaçando Th8+.} 25... Ng5 26. Rxg5 $1 {Aqui tudo foi
calculado até o fim.} 26... Qh4+ (26... hxg5 27. Qxg5 dxe5 28. Qh5+ {A caça ao
rei começa.} 28... Kg7 29. Qh8+ Kg6 30. Rg8+ Kf5 31. Qh6 {Com a ideia de Cg3
mate.}) 27. Rg3 Qh1+ 28. Rg1 Qxa8 29. Qc2+ Kh8 30. Qg6 {O cavalo distante em a5
é uma visão triste.} 30... Qf8 31. e6 $1 Re7 ({Após} 31... Rh7 {há uma bela
vitória:} 32. Rf1 Qg8 33. Qf6+ Rg7 34. Qxh6+ Qh7 35. Rf8+ Rg8 36. Qf6+ Qg7 37.
Qh4+ Qh7 38. Qd4+ Qg7 39. e7 {e finalmente acabou.}) 32. Rh1 Rh7 33. Rf1 Qd8 34.
Rf7 $1 Rxf7 35. exf7 Qf8 36. Qf6+ Kh7 37. Nf4 1-0

[Event "45th FIDE Chess Olympiad 2024"]
[Site "Budapest, Hungary"]
[Date "2024.09.15"]
[Round "5"]
[White "Sargsyan, Anna M."]
[Black "Lu, Miaoyi"]
[Result "1-0"]
[Annotator "Rafael Leitao"]
[WhiteElo "2364"]
[BlackElo "2438"]
[PlyCount "75"]
[GameId "2090214574726443"]
[EventDate "2024.??.??"]
[TimeControl "5400+30"]
[Link "https://www.chess.com/pt-BR/article/view/dez-melhores-partidas-xadrez-2024"]

1. e4 e5 2. Nf3 Nc6 3. Bc4 Nf6 4. d3 Bc5 5. c3 d6 6. O-O O-O 7. Re1 a5 8. h3 Ba7
9. Bb3 {Até agora, lances normais e conhecidos de ambos os lados. As Brancas
também podem tentar desenvolver o cavalo, seja para a3 ou d2.} (9. Nbd2) (9.
Na3) 9... h6 10. Nbd2 Be6 11. Bc2 {As Brancas decidem evitar a troca de bispos.}
(11. Bxe6 {é duvidoso, já que as Negras não têm problemas.} 11... fxe6) (11. Nf1
{não oferece nenhuma vantagem depois de} 11... Bxb3 12. Qxb3 Qd7) (11. Ba4 {é
interessante e destaca um problema de ter o peão em a5 e não em a6: as Negras
não podem jogar b7-b5.}) 11... Re8 $1 {O mais preciso.} (11... d5 {é um pouco
prematuro, embora provavelmente leve à igualdade também:} 12. exd5 Qxd5 13. Qe2
Rfe8 {Carlsen-So, CrunchLab Masters Rápido 2024.}) (11... Ne7 {é uma manobra
típica, mas um pouco passiva.}) 12. Nf1 (12. Ba4 {é possível novamente, mas é
estranho jogar Bc2 e depois Ba4 no próximo lance.}) 12... d5 $1 {Julgando pela
rapidez com que a jogadora chinesa reagiu até agora, ela tinha tudo isso
preparado.} 13. exd5 Qxd5 14. Be3 {Um lance novo.} (14. Ng3 Rad8 {com posição
igual: Kadric-Jones, Bundesliga 2022.}) 14... Bxe3 15. Nxe3 Qb5 $1 {Uma boa casa
para a dama, atacando o peão de b2.} (15... Qd6 {é menos preciso devido a} 16.
Ba4 $1) 16. Ba4 $5 {Um lance crítico para lutar pela iniciativa, apesar de as
Negras terem alcançado uma boa posição com um jogo preciso. As Brancas
sacrificam um peão.} (16. Qc1 {é inofensivo:} 16... Rad8 {com uma posição
confortável para as Negras.}) 16... Qxb2 17. Rb1 Qxc3 18. Rxb7 Re7 {Uma resposta
sólida e boa.} 19. Qb1 {Preparando para trazer a torre para c1.} 19... Nb4
(19... Nd4 {também é possível.} 20. Nxd4 Qxd4 {As Brancas têm alguma compensação
pelo peão devido às peças ativas, mas as Negras estão ligeiramente melhor.}) 20.
Rc1 Qa3 (20... Qxd3 $2 {perde uma peça devido a} 21. Rxb4 $1) (20... Bxa2 {é
tentador, trocando as damas. As Brancas têm jogo suficiente para alcançar o
empate:} 21. Rxc3 Bxb1 22. Nf5 $1 Re6 23. Rcxc7 Bxd3 24. Ne7+ (24. Rxf7 $5 {também
é possível:} 24... Bxf5 25. Bb3 Kh8 26. Nh4 $1 Be4 27. Bxe6 Bxb7 28. Rf8+ Rxf8 29.
Ng6+ Kh7 30. Nxf8+ {com o xeque perpétuo. Uma boa linha de empate—uma
especialidade dos computadores.}) 24... Kh7 25. Bb3 Na6 26. Rc3 Be4 27. Bxe6
Bxb7 28. Bxf7 {Com um final igualado.}) 21. Bb3 Nxa2 $2 {As Brancas parecem quase
perdidas aqui, mas a jogadora de xadrez armênia continua encontrando recursos, e
a posição das Negras se torna difícil de defender.} (21... Nxd3 {também é
perigoso depois de} 22. Rc6 $1) (21... Bxb3 $1 {é o melhor lance:} 22. axb3 Nxd3 23.
Rcxc7 Rxc7 24. Rxc7 {Novamente, as Negras estão com um peão a mais, com alguma
compensação para as Brancas, mas a posição não é tão perigosa, e as Negras podem
jogar para vencer.}) 22. Rc6 $3 {Que lance incrível $1 A torre se torna muito forte
na sexta fileira.} 22... Bxb3 (22... Nb4 $2 {Aqui a dama negra fica presa depois
de} 23. Rxe6 $1 fxe6 24. Nc4) (22... a4 {É possível defender após este lance, mas
requer habilidades extraordinárias.} 23. Bxe6 (23. Rxe6 {também é possível:}
23... axb3 24. Rxb3 (24. Rxe7 Qxe7 25. Qxb3 e4 26. dxe4 Nxe4 {também leva à
igualdade, apesar do cavalo fraco em a2.}) 24... Qc1+ 25. Qxc1 Nxc1 26. Rxe7
Nxb3 27. Rxc7 {with a drawish endgame.}) 23... Rxe6 24. Rcxc7 Nc3 $1 {As Negras
precisam encontrar uma série de lances forçados.} (24... Ne8 $2 {loses to} 25.
Rc2 $1 Nc3 26. Qe1 $1 {quando o cavalo está preso.}) 25. Qc2 Nfd5 $1 (25... Ncd5 $2
{perde após} 26. Rxf7 $18 Ne7 27. Qc4 $1 Kxf7 28. Nxe5+) 26. Nxd5 ({Or} 26. Rxf7
Ne7 $1 27. Rfxe7 Rxe7 28. Rxe7 Qxe7 29. Qxc3 a3 {O peão de a mantém o jogo
equilibrado.}) 26... Nxd5 27. Rxf7 Ne7 $1 28. Qc4 $1 Kxf7 29. Nxe5+ Kf8 30. Qxe6
Qc1+ 31. Kh2 Qf4+ {com xeque perpétuo.}) 23. Rxb3 Qa4 24. Rxf6 $1 {Um excelente
sacrifício de qualidade para abrir a posição do rei.} 24... gxf6 25. Nf5 Ree8 $2
{A posição ainda pode ser defendida, mas é necessária precisão de computador, e
na prática a tarefa é ingrata.} (25... Rd7 26. d4 $1 {Essa é a ideia principal
para as Brancas, assim como na partida.}) (25... Re6 26. d4 $1) (25... Kf8 $1 {Um
lance muito difícil.} 26. d4 Rd8 $1 {O computador mostra os típicos zeros aqui,
mas eu preferiria jogar de Brancas.}) 26. d4 $1 {Esse é o ponto. As torres das
Brancas desempenham um papel fundamental nesta partida, avançando vertical e
horizontalmente, e (alerta de spoiler) ambas são sacrificadas em algum momento.}
26... exd4 $6 (26... Qc4 {é a única chance segundo o computador, mas isso já é
impossível de defender para um humano.}) 27. N3xd4 {O ataque é decisivo.} 27...
Rad8 28. Nxh6+ Kf8 (28... Kg7 {leva a algumas variantes interessantes:} 29.
Ndf5+ $1 (29. Rg3+ $2 {estraga a vitória:} 29... Kxh6 30. Nf5+ Kh7 $1 (30... Kh5 $2 31.
Ng7+ (31. Nd6 {Isso parece ganho, mas há uma defesa surpreendente:} 31... Re4 $3
(31... Rxd6 32. Qh7#) 32. Qxe4 (32. Nxe4 Rd1+ 33. Kh2 Rxb1 34. Nxf6+ Kh6 (34...
Kh4 $4 35. Rg7 {Seguido por g3 com mate.}) 35. Ng8+ {com um empate.}) 32... Qxe4
33. Nxe4 Nb4 {com um final igual.}) 31... Kh6 32. Qf5 Qh4 33. Nxe8 Rxe8 34. Rg4)
31. Nd6+ Re4 $1 32. Nxe4 (32. Qxe4+ Qxe4 33. Nxe4 {deve terminar empatado.}) 32...
Rd1+ 33. Kh2 Rxb1 34. Nxf6+ Kh6 35. Ng8+ Kh5 36. Nf6+ {com xeque perpétuo.})
29... Kf8 (29... Kh7 30. Rg3 $1 Rd1+ 31. Kh2 Rxb1 32. Rg7+ Kh8 33. Nxf7#) 30. Rg3 $1
Rd1+ 31. Kh2 Rxb1 32. Rg8# {Um belo mate com uma torre e dois cavalos.}) (28...
Kh8 29. Nxf7+ Kg8 30. Rg3+ Kxf7 31. Qh7+ Kf8 32. Qg7#) 29. Qh7 $1 Re1+ 30. Kh2 Qc4
31. Nhf5 {Há outros lances vencedores.} (31. Ndf5 {também ganha, mas fica menos
claro depois de} 31... Ke8) (31. Rd3 $1 {é o mais preciso, trazendo a torre para o
ataque.}) 31... Ke8 32. Rd3 $1  $146ão é a única maneira, mas é a mais bonita.} (32.
Qg8+ Kd7 33. Qg4 $1 {e o rei não pode escapar.}) 32... Kd7 (32... Qxd3 {perde a
dama depois de} 33. Ng7+) 33. Ne6+ $1 {Pontos extras por outro sacrifício.} (33.
Ne3 {é uma maneira mais sem graça de vencer.}) 33... Kxe6 (33... Qxd3 34. Nc5+
Kc6 35. Nxd3 Rxd3 36. Ne7+ $1 Rxe7 37. Qxd3 {com uma vantagem material decisiva.})
34. Rxd8 Qf4+ 35. Ng3 Re5 (35... Qxf2 {Aqui, as Brancas podem vencer de várias
maneiras. Ela pode começar os xeques com 36.Te8 ou até mesmo jogar simplesmente
36.h4, mostrando que as Negras não têm ameaças.} 36. Re8+ (36. h4 $5)) 36. Qc2 {O
pobre cavalo em a2 se tornou um espectador nesta partida.} 36... Nb4 37. Qxc7
Re4 38. Qd7+ (38. Qd7+ Ke5 {Aqui, as Brancas têm quatro mates diferentes
disponíveis. Até agora, esta é a minha partida favorita da Olimpíada.} 39. Qd6#
(39. Qe8#) (39. Re8#) (39. Qe7#)) 1-0